| 000 | 00461nam a22001817a 4500 | ||
|---|---|---|---|
| 999 |
_c6420 _d6418 |
||
| 005 | 20210904111343.0 | ||
| 008 | 200522b xxu||||| |||| 00| 0 eng d | ||
| 020 | _a9789380231150 | ||
| 041 | _aeng | ||
| 082 | _a340.52 DIW | ||
| 100 |
_aDiwan, Dr. Paras _95732 |
||
| 245 | _aModern Hindu Law ( Codified and Uncodified) | ||
| 250 | _a24'th ed. | ||
| 260 |
_aFaridbad _bAllahabad Law Agency _c2019 |
||
| 300 | _a629,xviii | ||
| 650 |
_aLAW _95701 |
||
| 942 | _cBK | ||